Дело об отпуске денег на содержание воспитывающихся в Театральном училище, церковные расходы и прочее

Доступно только в Электронных читальных залах Найти на картеНа карте
RUSMARC
00005335nmc2a22000003x 450
0014755b6e0-b987-439e-970a-3ff08d3f4b91
00520190730165048.0
100##$a20161212l18091809k l0rusy0189 ca
1010#$arus
102##$aRU
2001#$aДело об отпуске денег на содержание воспитывающихся в Театральном училище, церковные расходы и прочее
$j1 января - 17 декабря 1809 г.
251##$cДело
300##$aДело
801#0$aRU
$bРГИА
$c20161212
$gRCR
801#1$aRU
$bГлавНИВЦ
$c20161212
$2rusmarc
801#2$aRU
$bПБ им. Б.Н. Ельцина
$c20180928
$gRCR
$2rusmarc
850##$aРГИА
852##$aРГИА
$eФедеральное казенное учреждение "Российский государственный исторический архив" (РГИА)
$j183
937##$hРГИА
$d12234002
$aASBIBLIO_SCAN
462#0$1001dd3991dc-24e1-42ec-8838-ca4255420416
$12001
$a1746-1850 гг.
$1251
$cОпись
$1852
$j1
461#0$10019264ebf8-de62-4f1a-9eb4-9f22098dbbd5
$12001
$aДирекция императорских театров МИДв
$1251
$cФонд
$1852
$j497
215##$a25 л.
$d36,5х26 см
371##$aДокумент не является опубликованным и широко распространяемым
105##$ay###
1222#$ad
035##$a4755b6e0-b987-439e-970a-3ff08d3f4b91
856##$uhttp://readingroom.main.prlib.ru/item.aspx?id_node=n118725262&mode=full
60102$2prlib_sh
$3LIBNET\UAF\0000084118
$aРоссийский государственный институт сценических искусств
$xИстория
$jДокументы и материалы
60101$aРоссия
$bДирекция императорских театров
$xДеятельность
$2prlib_sh
$3LIBNET\UAF\0000080151
$jДокументы и материалы
6061#$2nlr_sh
$3RU\NLR\AUTH\6601589779
$aУчреждения культуры
$xФинансирование
$jДокументы и материалы
686##$2rubbk
$a85.33
$vLBC/M
686##$2rubbk
$a63.3(2)521.1-7
$vLBC/M
605##$2acquisition_Prlib
$3LIBNET\UAF\0000080478
$aГод театра в России
$lколлекция
605##$2acquisition_Prlib
$3DITM\AF\0000004166
$aРоссия в лицах
$lколлекция
Формат отображения